000 01944nam a2200253Ia 4500
003 Ost
005 20260507075141.0
008 260507s9999||||xx |||||||||||||| ||und||
020 _a3160212977
040 _cfsecg
041 _aara
082 _a330
100 _aمصطفى، أحمد فريد
_eمؤلف
245 0 _aالإقتصاد النقدي والدولي /
_c أحمد فريد مصطفى
260 _aالاسكندرية:
_bمؤسسة شباب الجامعة,
_c2009
300 _a509 صفحة؛
_bإيضاحات ؛
_c24 سم
504 _aالمراجع ص.491 (اقتناءات 2014 3ن)
520 _aالإقتصاد النقدي-النقود،أشكالها التارخية وتطورها -طبيعة النقود وماهيتها -الوظائف الإقتصادية للنقود -التقسيم النوعي للنقود -أثر النقود على المتغيرات الإقتصادية -النيوكلاسيك والطلب على النقود(تحليل ميلتون فريدمان) -التحليل النقدي المعاصر لدالة الطلب على النقود -العوامل المحددة لكمية النقود -المناهج والنظريات المختلفة للتوازن الإقتصادي -نماذج التوزازن(تحليل كلي) -الأنظمة والسياسات النقدية -الجهاز المصرفي -سوق المال(بورصة الأوراق المالية) -الإقتصاد الدولي:نظرية التجارة الدولية -ميزان المدفوعات -سعر الصرف -توازن ميزان المدفوعات -معدل التبادل الدولي -السياسة التجارية ومشكلة البلاد النامية -الجات وجولة وأورجواي
653 _aإقتصاد- نقود
653 _aالأسواق المالية
653 _aالإقتصاد الدولي
653 _aالتجارة الخارجية
942 _cكتاب
999 _c43297
_d43297